Le sserafim English Lyrics quiz - Statistics

General Stats
  • This quiz has been taken 263 times
  • The average score is 12 of 30
Answer Stats
Answer % Correct
CRAZY
99%
Perfect Night
94%
FEARLESS
91%
ANTIFRAGILE
67%
Pierrot
60%
Eve, Psyche & The Bluebeard's Wife
58%
1-800-hot-n-fun
55%
Blue Flame
51%
UNFORGIVEN (feat. Nile Rodgers)
51%
The Hydra
48%
No Celestial
45%
Crazier
43%
EASY
41%
Impurities
40%
The Great Mermaid
35%
The World Is My Oyster
33%
Choices
30%
Smart
30%
Sour Grapes
30%
FEARNOT (Between you, me and the lamppost)
26%
Flash Forward
26%
Chasing Lightning
24%
Fire in the belly
24%
Burn the Bridge
21%
Jewelry (prod. imase)
20%
Good Bones
18%
Good Parts (when the quality is bad but I am)
12%
No-return (Into the Unknown)
10%
Swan Song
10%
We got so much
6%
No matching quizzes found
Score Distribution
Percent of People with Each Score
Percentile by Number Answered
Your Score History
You have not taken this quiz